| 000 | 01774cam a2200421 i 4500 | ||
|---|---|---|---|
| 003 | EG-GICUC | ||
| 005 | 20260301112215.0 | ||
| 008 | 060223s2006 ne frb 001 0 eng d | ||
| 020 | _a9067042048 | ||
| 020 | _a9789067042048 | ||
| 040 |
_aDLC _cDLC _dDLC _dEG-GICUC _beng _erda |
||
| 050 | 0 | 0 |
_aK3702 _b.C68 2006 |
| 082 | 0 | 4 |
_221 _a347.224 |
| 092 | 0 | 4 | _221 |
| 099 | _aLaw 12 2006 | ||
| 245 | 0 | 4 |
_aThe Court of Arbitration for Sport, 1984-2004 / _cedited by Ian S. Blackshaw, Robert C.R. Siekmann and Janwillem Soek. |
| 264 |
_aHague : _bTMC Asser Press ; _aWest Nyack, NY : _bDistributed by Cambridge University Press, _c2006. |
||
| 300 |
_axxxiii, 577 pages ; _c25 cm. |
||
| 336 |
_atext _2rdacontent |
||
| 337 |
_aComputer _2rdamedia |
||
| 338 |
_aOnline Resource _2rdacarrier |
||
| 500 | _aAt head of title:T.M.C. Asser Instituut, Asser International Sports Law Centre. | ||
| 504 | _aIncludes bibliographical references and index. | ||
| 610 | 2 | 0 | _aCourt of Arbitration for Sport. |
| 650 | 0 |
_aSports _xLaw and legislation. |
|
| 650 | 0 |
_aAthletes _xLegal status, laws, etc. |
|
| 650 | 0 | _aInternational commercial arbitration. | |
| 700 | 1 |
_aBlackshaw, Ian Stewart, _eeditor. |
|
| 700 | 1 |
_aSiekmann, Robert C. R., _eeditor. |
|
| 700 | 1 |
_aSoek, Janwillem, _eeditor. |
|
| 710 | 0 | _aASSER International Sports Law Centre. | |
| 856 | 4 | 2 | _uhttps://fll.law.cu.edu.eg/fulltext/bks/ENGB12-00046.pdf |
| 856 | 4 | 2 |
_3Publisher description _uhttp://www.loc.gov/catdir/enhancements/fy0633/2006272538-d.html |
| 856 | 4 | 1 |
_3Table of contents only _uhttp://www.loc.gov/catdir/enhancements/fy0633/2006272538-t.html |
| 856 | 4 | 2 |
_3Contributor biographical information _uhttp://www.loc.gov/catdir/enhancements/fy0733/2006272538-b.html |
| 905 | _a10 | ||
| 942 |
_2ddc _cBK _e21 _n0 |
||
| 999 |
_c64475 _d64475 |
||